01554nam a2200433 i 450000100060000000300080000600500170001400600190003100700150005000800410006502000180010602000280012403500220015204000310017405000200020508000080022508200120023310000230024524501110026826400470037930000530042633600310047933700330051033800430054349000150058650000230060150400290062458800830065359001620073665000160089865000340091465000160094865000150096465500270097979700180100683000160102485600630104099900170110335630FINmELB20241216221343.0m o d | cr cnu||||||||170521s2016 ag ob 001 0 spa d z9789506418755 a9789506418809q(e-book) a(OCoLC)1009115407 aFINmELBbspaerdacFINmELB 4aHD31bL432 2016 a6580 a6582231 aLazzati, Santiago.13aEl gerente :bestrategia y líder del cambio: más allá de la gestión operativa /cSantiago Lazzati. 1aBuenos Aires :bEdiciones Granica,c[2016] a1 recurso en línea (143 páginas sin numerar) atextobtxt2rdacontent/spa acomputadorabc2rdamedia/spa arecurso en líneabcr2rdacarrier/spa1 aManagement aContiene índice. aContiene bibliografía. aDescripción basada en metadatos suministrados por el editor y otras fuentes. aRecurso electrónico. Santa Fe, Arg.: elibro, 2020. Disponible vía World Wide Web. El acceso puede estar limitado para las bibliotecas afiliadas a elibro. 0aManagement. 4aAdministración de empresas. 0aLeadership. 4aLiderazgo. 4aLibros electrónicos.2 aelibro, Corp. 0aManagement.40uhttps://elibro.net/ereader/politecnicointernacional/113875 c35630d35630